Stany USA na literę M - Statystyki

Ogólne statystyki
  • Ten quiz został rozwiązany 95 razy
  • Średni wynik to 7 z 8
Statystyki odpowiedzi
Stan % Poprawnych
Minnesota
89%
Montana
88%
Missisipi
84%
Missouri
84%
Maine
83%
Massachusetts
80%
Michigan
75%
Maryland
73%
Nie znaleziono quizów pasujących do podanych kryteriów
Rozkład punktacji
Procent ludzi z każdym wynikiem
Percentyl według liczby udzielonych odpowiedzi
Twoja historia wyników
Nie rozwiązałeś tego quizu